| 000 | 00571nam a2200193 a 4500 | ||
|---|---|---|---|
| 003 | PILC | ||
| 005 | 20150112093435.0 | ||
| 008 | 100723s19uu xx 00 eng d | ||
| 020 | _a0470844337 | ||
| 050 |
_aHF 5549 _b.H884 2002 |
||
| 082 |
_aMHSF 658.3 _bH96 2002 |
||
| 100 |
_aHussey, David _915869 |
||
| 245 |
_aBusiness driven HRM : _ba best practice blueprint / |
||
| 260 |
_aNew York : _bJohn Wiley & Sons, Inc, _c2002. |
||
| 300 |
_a290 pages : _c18 cm. |
||
| 650 |
_aHuman resource - Management _911051 |
||
| 650 |
_aPersonnel management _9685 |
||
| 942 |
_2lcc _cBK |
||
| 999 |
_c14544 _d14544 |
||